000 01091nam a22002537a 4500
005 20170124103138.0
010 _aB-197241
020 _c175.00
_a8190214519
035 _aB-197241
037 _bCen Lib/Ret
040 _aDPL
_bHN
082 _a001.94
_bविस्मय
100 _a
_985236
245 _aविस्मयकारी घटनाएं /
_cसंकलनकर्ता अनिल कुशवाहा
246 _aVismeykari ghatnayen /
_bsankalankarta Anil Kushvaha
260 _aदिल्ली
_bपेपर लिंक पब्लिशिंग
_c2005
270 _a2/7, कड़कड़ी रोड, विश्वास नगर
_bदिल्ली
_e110032
300 _a144पृ. :
_c20सेमी(सजिल्द)
_bसचित्र
500 _aअनुक्रमणिका शामिल
650 _aहिंदी घटनाएँ
_985237
650 _aHindi Events
_985238
700 _aकुशवाहा, अनिल
_985239
942 _2ddc
_cHN
_h001.94
_mविस्मय
999 _c119494
_d119494